Statistiques concernant Les talents des Pokémons de la 7ème génération

Cliquez ici pour prendre le quiz!

Statistiques générales

  • Ce quiz a été pris 20 fois
  • Le résultat moyen est 208 sur 276

Statistiques - réponses

TalentPokémonRéponse% Correct
Talent 1BrindibouEngrais
100%
Talent 1EfflècheEngrais
100%
Talent 1ArchéducEngrais
100%
Talent 2SinistrailX
100%
Talent cachéMéténoX
100%
Talent 2DodoalaX
100%
Talent cachéDodoalaX
100%
Talent 2BoumataX
100%
Talent cachéBoumataX
100%
Talent 2MimiquiX
100%
Talent cachéMimiquiX
100%
Talent 2TokoricoX
100%
Talent cachéSinistrailX
100%
Talent cachéSilvalliéX
100%
Talent 2TokopiyonX
100%
Talent 2TokotoroX
100%
Talent 2TokopiscoX
100%
Talent 2CosmogX
100%
Talent cachéCosmogX
100%
Talent 2CosmovumX
100%
Talent 2MéténoX
100%
Talent cachéType:0X
100%
Talent 2SilvalliéX
100%
Talent 2QuartermacX
100%
Talent 2AraquaX
100%
Talent 2TarenbulleX
100%
Talent 2MimantisX
100%
Talent 2FloramantisX
100%
Talent 2TritoxX
100%
Talent 2MalamandreX
100%
Talent 2BrindibouX
100%
Talent 2SovkipouX
100%
Talent 2SolgaleoX
100%
Talent cachéSovkipouX
100%
Talent 2SarmuraïX
100%
Talent cachéSarmuraïX
100%
Talent 2BacabouhX
100%
Talent 2TrépassableX
100%
Talent 2ConcombaffeX
100%
Talent 2Type:0X
100%
Talent cachéCosmovumX
100%
Talent 2LunalaX
100%
Talent cachéSolgaleoX
100%
Talent 2Ama-AmaX
100%
Talent cachéMagearnaX
100%
Talent 2MarshadowX
100%
Talent cachéMarshadowX
100%
Talent 2VéminiX
100%
Talent cachéVéminiX
100%
Talent 2MandrillonX
100%
Talent cachéMandrillonX
100%
Talent cachéAma-AmaX
100%
Talent cachéNecrozma (U)X
100%
Talent 2PierroteknikX
100%
Talent cachéPierroteknikX
100%
Talent 2ZeraoraX
100%
Talent cachéZeraoraX
100%
Talent 2MeltanX
100%
Talent cachéMeltanX
100%
Talent 2MelmetalX
100%
Talent 2MagearnaX
100%
Talent 2Necrozma (U)X
100%
Talent 2FroussardineX
100%
Talent 2CâblifèreX
100%
Talent cachéLunalaX
100%
Talent 2ZéroïdX
100%
Talent cachéZéroïdX
100%
Talent 2MouscotoX
100%
Talent cachéMouscotoX
100%
Talent 2CancreloveX
100%
Talent cachéCancreloveX
100%
Talent cachéCâblifèreX
100%
Talent cachéNecrozmaX
100%
Talent 2BamboiselleX
100%
Talent cachéBamboiselleX
100%
Talent 2KatagamiX
100%
Talent cachéKatagamiX
100%
Talent 2EngloutyranX
100%
Talent cachéEngloutyranX
100%
Talent 2NecrozmaX
100%
Talent cachéFroussardineX
100%
Talent cachéMelmetalX
100%
Talent cachéLarvibuleX
100%
Talent 2LucanonX
100%
Talent cachéChrysapileX
100%
Talent 2MatoufeuX
100%
Talent 2ArchéducX
100%
Talent cachéRocabotX
100%
Talent 2RocabotX
100%
Talent 2Lougaroc (C)X
100%
Talent 2FélinfernoX
100%
Talent 2LarvibuleX
100%
Talent 2OtaquinX
100%
Talent 2FlamiaouX
100%
Talent 2EfflècheX
100%
Talent cachéLucanonX
100%
Talent 2OtarletteX
100%
Talent cachéPlumelineX
100%
Talent 2PlumelineX
100%
Talent 2ChrysapileX
100%
Talent cachéLougaroc (C)X
100%
Talent 2OratoriaX
100%
Talent 1ZeraoraAbsorbe-Volt
89%
Talent 1MagearnaAnimacoeur
89%
Talent 1EngloutyranBoost Chimère
89%
Talent 1PierroteknikBoost Chimère
89%
Talent 1MandrillonBoost Chimère
89%
Talent 1KatagamiBoost Chimère
89%
Talent 1VéminiBoost Chimère
89%
Talent 1Ama-AmaBoost Chimère
89%
Talent 1CancreloveBoost Chimère
89%
Talent 1MouscotoBoost Chimère
89%
Talent 1BamboiselleBoost Chimère
89%
Talent 1ZéroïdBoost Chimère
89%
Talent 1CâblifèreBoost Chimère
89%
Talent 1FlamiaouBrasier
89%
Talent 1MatoufeuBrasier
89%
Talent 1FélinfernoBrasier
89%
Talent 1TritoxCorrosion
89%
Talent 1MalamandreCorrosion
89%
Talent 1TokoricoCréa-Elec
89%
Talent 1TokopiyonCréa-Psy
89%
Talent 1PrédastérieCruauté
89%
Talent 1VorastérieCruauté
89%
Talent 2TiboudetEndurance
89%
Talent 2BourrinosEndurance
89%
Talent 1MimiquiFantômasque
89%
Talent 1DodoalaHypersommeil
89%
Talent 1LucanonLévitation
89%
Talent 1ÉcaïdPare-Balles
89%
Talent 1ÉkaïserPare-Balles
89%
Talent 1BébécaillePare-Balles
89%
Talent 1OratoriaTorrent
89%
Talent 1OtaquinTorrent
89%
Talent 1OtarletteTorrent
89%
Talent cachéAraquaAbsorbe-Eau
78%
Talent cachéTarenbulleAbsorbe-Eau
78%
Talent 1TarenbulleAquabulle
78%
Talent 1AraquaAquabulle
78%
Talent 1FroussardineBanc
78%
Talent 1DenticrisseCorps Coloré
78%
Talent 1TokopiscoCréa-Brume
78%
Talent 1TokotoroCréa-Herbe
78%
Talent 1PlumelineDanseuse
78%
Talent 1TogedemaruEpine de Fer
78%
Talent 1ConcombaffeExpuls'Organes
78%
Talent 1Lougaroc (C)Griffe Dure
78%
Talent cachéMatoufeuIntimidation
78%
Talent cachéFlamiaouIntimidation
78%
Talent cachéFélinfernoIntimidation
78%
Talent 2SpododoPose Spore
78%
Talent 2LampignonPose Spore
78%
Talent 2DenticrissePrognathe
78%
Talent 2MangloutonPrognathe
78%
Talent 2ArgoustePrognathe
78%
Talent 1SarmuraïRepli Tactique
78%
Talent cachéTokoricoTélépathe
78%
Talent cachéTokopiyonTélépathe
78%
Talent cachéTokotoroTélépathe
78%
Talent 2GouroutanTélépathe
78%
Talent cachéTokopiscoTélépathe
78%
Talent cachéTrépassableVoile Sable
78%
Talent cachéBacabouhVoile Sable
78%
Talent 2Lougaroc (D)Baigne Sable
67%
Talent 1ChrysapileBatterie
67%
Talent 1MéténoBouclier-Carcan
67%
Talent cachéFloramantisContestation
67%
Talent cachéMimantisContestation
67%
Talent cachéLampignonCuvette
67%
Talent cachéSpododoCuvette
67%
Talent 1LarvibuleEssaim
67%
Talent 1SinistrailExpert Acier
67%
Talent 1SucreineFeuille Garde
67%
Talent 1CandineFeuille Garde
67%
Talent 1CroquineFeuille Garde
67%
Talent 1FloramantisFeuille Garde
67%
Talent 1MimantisFeuille Garde
67%
Talent 1SpododoLumiattirance
67%
Talent 1LampignonLumiattirance
67%
Talent 2CrabominablePoing de Fer
67%
Talent 1MelmetalPoing de Fer
67%
Talent 2CrabagarrePoing de Fer
67%
Talent 2SucreinePrestance Royale
67%
Talent 2GuérilandePrioguérison
67%
Talent 1NecrozmaPrisme-Armure
67%
Talent cachéPicassautRamassage
67%
Talent cachéPiclaironRamassage
67%
Talent cachéVorastérieRégé-Force
67%
Talent cachéPrédastérieRégé-Force
67%
Talent 1MarshadowTechnicien
67%
Talent 2ÉkaïserAnti-Bruit
56%
Talent 2BébécailleAnti-Bruit
56%
Talent 2ÉcaïdAnti-Bruit
56%
Talent cachéMalamandreBenêt
56%
Talent cachéTritoxBenêt
56%
Talent 2CroquineBenêt
56%
Talent 2CandineBenêt
56%
Talent 1NounoursonBoule de Poils
56%
Talent 1CheloursBoule de Poils
56%
Talent 1Necrozma (U)Cérébro-Force
56%
Talent 1CosmovumFermeté
56%
Talent cachéTogedemaruFermeté
56%
Talent 1MangloutonFilature
56%
Talent 1ArgousteFilature
56%
Talent 2DraïeulHerbivore
56%
Talent cachéOtaquinHydrata-Son
56%
Talent cachéOratoriaHydrata-Son
56%
Talent cachéOtarletteHydrata-Son
56%
Talent cachéBrindibouLongue Portée
56%
Talent cachéArchéducLongue Portée
56%
Talent cachéEfflècheLongue Portée
56%
Talent 1MeltanMagnépiège
56%
Talent 1SolgaleoMétallo-Garde
56%
Talent 2BazoucanMulti-Coups
56%
Talent 2PiclaironMulti-Coups
56%
Talent 2PicassautMulti-Coups
56%
Talent 2TogedemaruParatonnerre
56%
Talent 1QuartermacReceveur
56%
Talent 1Lougaroc (D)Regard Vif
56%
Talent 1BazoucanRegard Vif
56%
Talent 1PiclaironRegard Vif
56%
Talent 1Lougaroc (N)Regard Vif
56%
Talent 1PicassautRegard Vif
56%
Talent 1RocabotRegard Vif
56%
Talent 1LunalaSpectro-Bouclier
56%
Talent 1SilvalliéSystème Alpha
56%
Talent 1BourrinosTempo Perso
56%
Talent 1TiboudetTempo Perso
56%
Talent 1RocabotTempo Perso
56%
Talent cachéQuartermacAcharné
44%
Talent cachéArgousteAdaptabilité
44%
Talent cachéMangloutonAdaptabilité
44%
Talent 1Type:0Armurbaston
44%
Talent 1GouroutanAttention
44%
Talent cachéBourrinosAttention
44%
Talent cachéTiboudetAttention
44%
Talent 1BoumataCoque Armure
44%
Talent 1SovkipouEscampette
44%
Talent 2Lougaroc (N)Esprit Vital
44%
Talent 2RocabotEsprit Vital
44%
Talent 1GuérilandeFlora-Voile
44%
Talent cachéBombydouGluco-Voile
44%
Talent cachéSucreineGluco-Voile
44%
Talent cachéRubombelleGluco-Voile
44%
Talent cachéCroquineGluco-Voile
44%
Talent cachéCandineGluco-Voile
44%
Talent 1CrabominableHyper Cutter
44%
Talent 1CrabagarreHyper Cutter
44%
Talent cachéConcombaffeInconscient
44%
Talent 1CosmogInconscient
44%
Talent 1TrépassableSable Humide
44%
Talent 1BacabouhSable Humide
44%
Talent cachéLougaroc (N)Annule Garde
33%
Talent 1RubombelleCherche Miel
33%
Talent 1BombydouCherche Miel
33%
Talent 2PrédastérieEchauffement
33%
Talent 2VorastérieEchauffement
33%
Talent 2RubombelleEcran Poudre
33%
Talent 2BombydouEcran Poudre
33%
Talent 1DraïeulFolle Furie
33%
Talent cachéGuérilandeMédic Nature
33%
Talent cachéBazoucanSans Limite
33%
Talent cachéCheloursTension
33%
Talent cachéDraïeulCiel Gris
22%
Talent cachéBébécailleEnvelocape
22%
Talent cachéÉcaïdEnvelocape
22%
Talent cachéÉkaïserEnvelocape
22%
Talent cachéCrabominableColérique
11%
Talent cachéCrabagarreColérique
11%
Talent cachéRocabotImpassible
11%
Talent cachéLougaroc (D)Impassible
11%
Talent cachéNounoursonJoli Sourire
11%
Talent 2CheloursMaladresse
11%
Talent 2NounoursonMaladresse
11%
Talent cachéDenticrissePeau Miracle
11%
Talent cachéGouroutanSymbiose
0%

Distribution des résultats

Percentile par nombre de réponses

% des personnes avec chaque résultat

Votre développement - résultats

Vous n’avez pas pris ce quiz